[Event "Montevideo Duchamp Cup 7th"]
[Site "Montevideo"]
[Date "2024.02.08"]
[Round "8"]
[White "Scarani, Manuel"]
[Black "Reolon, Victor"]
[Result "1/2-1/2"]
[WhiteElo "1281"]
[BlackElo "1527"]
[PlyCount "40"]
[EventDate "2024.02.01"]
[EventType "swiss"]
[EventRounds "9"]
[EventCountry "URU"]
[SourceTitle "CB07_2024"]
[SourceDate "2024.02.14"]
[SourceVersion "1"]
[SourceVersionDate "2024.02.14"]
[SourceQuality "1"]

1. e4 c5 2. Nf3 d6 3. d4 cxd4 4. Nxd4 Nf6 5. Nc3 a6 6. Bd3 Nc6 7. Nf3 Bg4 8. Be2 g6 9. 0-0 Bg7 10. Be3 0-0 11. Qd2 Qa5 12. Bh6 Ne5 13. Bxg7 Kxg7 14. Nxe5 Qxe5 15. Rfe1 h5 16. h4 Be6 17. Bf3 Bg4 18. Qe3 Rac8 19. Rac1 Bxf3 20. Qxf3 Rc5 1/2-1/2

[Event "Montevideo Duchamp Cup 7th"]
[Site "Montevideo"]
[Date "2024.02.06"]
[Round "6"]
[White "Reolon, Victor"]
[Black "Miller, Ariel"]
[Result "0-1"]
[WhiteElo "1527"]
[BlackElo "1716"]
[PlyCount "50"]
[EventDate "2024.02.01"]
[EventType "swiss"]
[EventRounds "9"]
[EventCountry "URU"]
[SourceTitle "CB07_2024"]
[SourceDate "2024.02.14"]
[SourceVersion "1"]
[SourceVersionDate "2024.02.14"]
[SourceQuality "1"]

1. c4 e5 2. Nc3 Nc6 3. g3 f5 4. Bg2 Bc5 5. e3 Nf6 6. Nge2 0-0 7. 0-0 d6 8. d4 Bb6 9. Rb1 f4 10. dxe5 f3 11. Bxf3 Nxe5 12. Bg2 Qe8 13. Nd5 Nfg4 14. Nef4 g5 15. Nxb6 axb6 16. f3 gxf4 17. fxg4 Bxg4 18. Qd5+ Be6 19. Qd4 f3 20. Bh1 Bxc4 21. Rxf3 Rxf3 22. Qxc4+ Nxc4 23. Bxf3 Nxe3 24. Bd2 Qf7 25. Be2 Qxa2 0-1

[Event "Montevideo Duchamp Cup 7th"]
[Site "Montevideo"]
[Date "2024.02.01"]
[Round "1"]
[White "Lanzilotta Mernies, Marcelo"]
[Black "Reolon, Victor"]
[Result "1-0"]
[WhiteElo "1920"]
[BlackElo "1527"]
[PlyCount "47"]
[EventDate "2024.02.01"]
[EventType "swiss"]
[EventRounds "9"]
[EventCountry "URU"]
[SourceTitle "CB07_2024"]
[SourceDate "2024.02.14"]
[SourceVersion "1"]
[SourceVersionDate "2024.02.14"]
[SourceQuality "1"]

1. e4 e6 2. d4 d5 3. e5 c5 4. c3 Nd7 5. Nf3 Qc7 6. Bd3 Be7 7. 0-0 Nf8 8. h4 Bd7 9. dxc5 Bxc5 10. b4 Bb6 11. a4 a5 12. Re1 h6 13. Bd2 Ne7 14. Na3 Nf5 15. Nb5 Bxb5 16. Bxb5+ Nd7 17. Rc1 Qd8 18. c4 Bd4 19. Bf4 Bb2 20. Rc2 Ba3 21. cxd5 Bxb4 22. dxe6 fxe6 23. Re4 Rc8 24. Qxd7+ 1-0

[Event "Montevideo Duchamp Cup 6th"]
[Site "Montevideo"]
[Date "2023.02.09"]
[Round "7"]
[White "Diaz Delograsi, Francisco"]
[Black "Reolon, Victor"]
[Result "1/2-1/2"]
[WhiteElo "1067"]
[BlackElo "1558"]
[PlyCount "90"]
[EventDate "2023.02.03"]
[EventType "swiss"]
[EventRounds "9"]
[EventCountry "URU"]
[SourceTitle "CBM 212 Extra"]
[Source "ChessBase"]
[SourceDate "2023.03.31"]
[SourceVersion "1"]
[SourceVersionDate "2023.03.31"]
[SourceQuality "1"]

1. e4 e6 2. d4 d5 3. e5 c5 4. c3 Ne7 5. Na3 Nec6 6. Nc2 Nd7 7. Nf3 Be7 8. g3 Nf8 9. h4 h6 10. Be3 c4 11. Qd2 Bd7 12. Bh3 Qc7 13. 0-0 g5 14. hxg5 hxg5 15. Kg2 Nh7 16. Nxg5 Nxg5 17. Bxg5 0-0-0 18. Bxe7 Nxe7 19. Qg5 Ng6 20. Qf6 Rdf8 21. Rh1 Qd8 22. Qxd8+ Kxd8 23. Bg4 Ke7 24. Ne3 a6 25. Be2 Rhg8 26. Ng4 Rg7 27. Kf3 Bc6 28. Nf6 Nxe5+ 29. dxe5 d4+ 30. Ne4 f5 31. exf6+ Rxf6+ 32. Kg2 Bxe4+ 33. f3 Rgf7 34. Rhf1 dxc3 35. fxe4 Rxf1 36. Bxf1 cxb2 37. Rb1 c3 38. Bd3 Kd6 39. Rd1 Kc5 40. Bc2 Kb4 41. Rd4+ Kc5 42. Rd3 Kb4 43. Rd4+ Kc5 44. Rd3 Kb4 45. Rd4+ Kc5 1/2-1/2

[Event "Montevideo Trebejos 50 Anniv op"]
[Site "Montevideo"]
[Date "2022.09.25"]
[Round "9"]
[White "Reolon, Victor"]
[Black "Steiner, Matias"]
[Result "0-1"]
[WhiteElo "1610"]
[BlackElo "1437"]
[PlyCount "54"]
[EventDate "2022.09.17"]
[EventType "swiss"]
[EventRounds "9"]
[EventCountry "URU"]
[SourceTitle "EXT 2023"]
[Source "ChessBase"]
[SourceDate "2022.10.05"]
[SourceVersion "1"]
[SourceVersionDate "2022.10.05"]
[SourceQuality "1"]

1. d4 Nf6 2. c4 g6 3. Nc3 Bg7 4. e4 d6 5. f4 c5 6. d5 0-0 7. Nf3 e6 8. Be2 exd5 9. cxd5 Re8 10. Nd2 a6 11. a4 Ng4 12. Nf3 Bxc3+ 13. bxc3 Rxe4 14. 0-0 Nf6 15. Ng5 Re8 16. c4 a5 17. Bb2 Na6 18. Ra3 Nb4 19. Rg3 Bf5 20. h4 Ne4 21. Nxe4 Rxe4 22. h5 Qh4 23. Rff3 Rae8 24. hxg6 fxg6 25. Qb3 Rxe2 26. Qc3 Rxb2 27. Qxb2 Re1+ 0-1

[Event "Montevideo Trebejos 50 Anniv op"]
[Site "Montevideo"]
[Date "2022.09.23"]
[Round "7"]
[White "Gonzalez Martinez, Fabian"]
[Black "Reolon, Victor"]
[Result "1-0"]
[WhiteElo "1489"]
[BlackElo "1610"]
[PlyCount "79"]
[EventDate "2022.09.17"]
[EventType "swiss"]
[EventRounds "9"]
[EventCountry "URU"]
[SourceTitle "EXT 2023"]
[Source "ChessBase"]
[SourceDate "2022.10.05"]
[SourceVersion "1"]
[SourceVersionDate "2022.10.05"]
[SourceQuality "1"]

1. e4 c5 2. Nf3 d6 3. Bb5+ Bd7 4. Bxd7+ Qxd7 5. c4 g6 6. Nc3 Bg7 7. d4 cxd4 8. Nxd4 Nc6 9. Be3 a6 10. a4 Nf6 11. f3 0-0 12. 0-0 Qc7 13. b3 Rad8 14. Qd2 Rfe8 15. Rfd1 Qa5 16. Rac1 Nh5 17. Qf2 Nxd4 18. Bxd4 Nf4 19. Bxg7 Kxg7 20. Nd5 Ne6 21. Ra1 Qc5 22. b4 Qxf2+ 23. Kxf2 Rc8 24. Rdc1 Nd4 25. Ra3 e6 26. Nb6 Rc6 27. a5 f5 28. Rac3 fxe4 29. fxe4 Rf8+ 30. Ke3 e5 31. c5 Nb5 32. R3c2 Nd4 33. Rc4 Rd8 34. Nd5 Rd7 35. cxd6 Rdxd6 36. Rxc6 Nxc6 37. Rf1 Nd4 38. Rf2 Nc6 39. Nc7 Re6 40. Nxe6+ 1-0

[Event "Montevideo Duchamp Cup 4th"]
[Site "Montevideo"]
[Date "2020.02.15"]
[Round "9"]
[White "Larrea, Daniela"]
[Black "Reolon, Victor"]
[Result "1-0"]
[WhiteElo "1757"]
[BlackElo "1644"]
[PlyCount "85"]
[EventDate "2020.02.08"]
[EventType "swiss"]
[EventRounds "9"]
[EventCountry "URU"]
[SourceTitle "CBM 194 Extra"]
[Source "ChessBase"]
[SourceDate "2020.03.31"]
[SourceVersion "1"]
[SourceVersionDate "2020.03.31"]
[SourceQuality "1"]

1. d4 e6 2. c4 f5 3. Nc3 Bb4 4. Bd2 Nf6 5. a3 Bxc3 6. Bxc3 Ne4 7. Qc2 Nxc3 8. Qxc3 c5 9. dxc5 Qf6 10. Qxf6 gxf6 11. 0-0-0 a5 12. Nf3 Na6 13. Nd4 Nxc5 14. f3 Ke7 15. e3 Rg8 16. g3 a4 17. Nb5 Ra6 18. Be2 d6 19. Nc3 Bd7 20. Kb1 Rc8 21. Rd4 Be8 22. Rhd1 Nb3 23. Rh4 Bg6 24. Ka2 Nc5 25. Nb5 e5 26. Nc3 Rac6 27. Nd5+ Kf7 28. g4 fxg4 29. Rxg4 Ne6 30. Nb4 Rb6 31. Bd3 Ng5 32. Be2 Ne6 33. Rd5 Nc5 34. Rg1 Rg8 35. Rdd1 Ne6 36. Rg3 Rg7 37. Rdg1 Nc5 38. h4 h5 39. f4 Ne4 40. Rxg6 Rxg6 41. Bxh5 Ng5 42. Bxg6+ Kxg6 43. hxg5 1-0

[Event "Montevideo zt 2.5"]
[Site "Montevideo"]
[Date "2019.04.17"]
[Round "7"]
[White "Fein, Jorge"]
[Black "Reolon, Victor"]
[Result "0-1"]
[WhiteElo "1648"]
[BlackElo "1659"]
[PlyCount "72"]
[EventDate "2019.04.13"]
[EventType "swiss"]
[EventRounds "9"]
[EventCountry "URU"]
[SourceTitle "CBM 189 Extra"]
[Source "ChessBase"]
[SourceDate "2019.06.03"]
[SourceVersion "1"]
[SourceVersionDate "2019.06.03"]
[SourceQuality "1"]

1. e4 c5 2. Nf3 d6 3. d4 cxd4 4. Nxd4 Nf6 5. Nc3 a6 6. Bc4 e6 7. 0-0 Be7 8. h3 0-0 9. Kh1 Nc6 10. Nxc6 bxc6 11. Re1 d5 12. Bd3 d4 13. Ne2 c5 14. e5 Nd5 15. Ng3 f5 16. f4 Bh4 17. Kh2 Qe8 18. Rf1 Bb7 19. Qe2 Rc8 20. Bxa6 Bxa6 21. Qxa6 c4 22. Qa3 c3 23. Rf3 Qb5 24. bxc3 Rxc3 25. Rxc3 Nxc3 26. Qd6 Bxg3+ 27. Kxg3 Ne4+ 28. Kh2 Nxd6 29. exd6 Qf1 30. a4 Rd8 31. Rb1 Rxd6 32. Rb8+ Kf7 33. Rb7+ Kg6 34. Ba3 Qxf4+ 35. Kg1 Qe3+ 36. Kh1 Qxa3 0-1

[Event "Montevideo Duchamp Cup 3rd"]
[Site "Montevideo"]
[Date "2019.02.15"]
[Round "8"]
[White "Rey, Fernando"]
[Black "Reolon, Victor"]
[Result "1-0"]
[WhiteElo "1632"]
[BlackElo "1714"]
[PlyCount "68"]
[EventDate "2019.02.09"]
[EventType "swiss"]
[EventRounds "9"]
[EventCountry "URU"]
[SourceTitle "CBM 189 Extra"]
[Source "ChessBase"]
[SourceDate "2019.06.03"]
[SourceVersion "1"]
[SourceVersionDate "2019.06.03"]
[SourceQuality "1"]

1. e4 c6 2. d4 d5 3. exd5 cxd5 4. c4 Nf6 5. Nc3 g6 6. Nf3 Bg7 7. h3 Nc6 8. Be3 0-0 9. c5 Re8 10. Bb5 Bd7 11. 0-0 Rc8 12. Bxc6 Rxc6 13. Ne5 Ra6 14. b4 Ne4 15. Nxe4 dxe4 16. Nxd7 Qxd7 17. a4 Qd5 18. b5 Re6 19. Qd2 g5 20. Rfd1 Rg6 21. g4 Bf6 22. Qa2 e6 23. Qxd5 exd5 24. Rac1 Bd8 25. Rd2 Ree6 26. Rdc2 Rh6 27. Kg2 Rh4 28. c6 bxc6 29. bxc6 f5 30. gxf5 Reh6 31. Bxg5 Bxg5 32. c7 Rxh3 33. c8Q+ Kf7 34. Rc7+ Be7 1-0

[Event "Montevideo Duchamp Cup 3rd"]
[Site "Montevideo"]
[Date "2019.02.10"]
[Round "2"]
[White "Reolon, Victor"]
[Black "Aprahamian, Tomas"]
[Result "1-0"]
[WhiteElo "1714"]
[BlackElo "1423"]
[PlyCount "111"]
[EventDate "2019.02.09"]
[EventType "swiss"]
[EventRounds "9"]
[EventCountry "URU"]
[SourceTitle "CBM 188 Extra"]
[Source "ChessBase"]
[SourceDate "2019.02.26"]
[SourceVersion "1"]
[SourceVersionDate "2019.02.26"]
[SourceQuality "1"]

1. d4 e6 2. c4 d5 3. Nc3 Nf6 4. Nf3 Nbd7 5. Bg5 c6 6. e3 Bb4 7. a3 Bxc3+ 8. bxc3 Qa5 9. Qb3 Ne4 10. Qb4 Qxb4 11. cxb4 0-0 12. Bf4 Re8 13. Bd3 Nef6 14. h3 dxc4 15. Bxc4 Nb6 16. Bd3 Nbd5 17. Bh2 a5 18. bxa5 Rxa5 19. 0-0 Bd7 20. Ne5 Rea8 21. Nxd7 Nxd7 22. Bd6 c5 23. e4 Nb4 24. Bb5 Nc2 25. Bxd7 Nxa1 26. Rxa1 Rxa3 27. Rxa3 Rxa3 28. dxc5 h6 29. Bc7 Ra8 30. Bb5 g6 31. Be2 Rc8 32. Bb6 Kg7 33. e5 g5 34. Bf3 Rb8 35. Kh2 f5 36. Ba7 Ra8 37. Bxb7 Rxa7 38. c6 Ra2 39. c7 Rc2 40. c8Q Rxc8 41. Bxc8 Kf7 42. Kg3 h5 43. f4 h4+ 44. Kf3 g4+ 45. hxg4 fxg4+ 46. Kxg4 h3 47. Kxh3 Kg6 48. Kg4 Kf7 49. f5 exf5+ 50. Kxf5 Ke7 51. e6 Kf8 52. Kf6 Kg8 53. e7 Kh8 54. e8Q+ Kh7 55. Qg6+ Kh8 56. Qg7# 1-0

[Event "American Continental 14th"]
[Site "Montevideo"]
[Date "2018.06.08"]
[Round "9"]
[White "Reolon, Victor"]
[Black "Da Silva Junior, Sediney Mari"]
[Result "0-1"]
[WhiteElo "1678"]
[BlackElo "1990"]
[PlyCount "58"]
[EventDate "2018.06.01"]
[EventType "swiss"]
[EventRounds "11"]
[EventCountry "URU"]
[SourceTitle "CBM 184 Extra"]
[Source "ChessBase"]
[SourceDate "2018.06.28"]
[SourceVersion "1"]
[SourceVersionDate "2018.06.28"]
[SourceQuality "1"]

1. c4 f5 2. Nf3 Nf6 3. d4 d6 4. Nc3 c6 5. h3 Qc7 6. Bf4 Qb6 7. Rb1 g6 8. e3 Bg7 9. Bd3 0-0 10. 0-0 Nh5 11. Bg5 Qc7 12. Qb3 Kh8 13. c5 dxc5 14. dxc5 e5 15. Nd2 h6 16. Bh4 Nd7 17. Be7 Re8 18. Bd6 Qd8 19. Qf7 Nxc5 20. Bxc5 Be6 21. Qxg6 Qxd3 22. Rfd1 Nf6 23. Nde4 fxe4 24. Rxd3 exd3 25. Qxd3 b6 26. Ba3 e4 27. Qc2 Nd5 28. Qxe4 Nxc3 29. bxc3 Bxa2 0-1

[Event "Montevideo Duchamp Cup 2nd"]
[Site "Montevideo"]
[Date "2018.02.07"]
[Round "8"]
[White "Reolon, Victor"]
[Black "Barandiaran, Gabriel"]
[Result "1/2-1/2"]
[WhiteElo "1649"]
[BlackElo "1879"]
[PlyCount "57"]
[EventDate "2018.02.02"]
[EventType "swiss"]
[EventRounds "9"]
[EventCountry "URU"]
[SourceTitle "CBM 182 Extra"]
[Source "ChessBase"]
[SourceDate "2018.02.23"]
[SourceVersion "1"]
[SourceVersionDate "2018.02.23"]
[SourceQuality "1"]

1. d4 d5 2. c4 e6 3. Nf3 Nf6 4. Nc3 Be7 5. e3 0-0 6. Be2 c5 7. 0-0 cxd4 8. Nxd4 dxc4 9. Qa4 Bd7 10. Qxc4 Nc6 11. Nxc6 Bxc6 12. Rd1 Qb6 13. Rb1 Rac8 14. Qd4 Bc5 15. Qh4 Rfd8 16. Bd2 Be7 17. Be1 Rxd1 18. Bxd1 Qd8 19. Bc2 Ne4 20. Qh3 Nf6 21. Rd1 Qb6 22. Bb3 Rd8 23. Rd2 Rxd2 24. Bxd2 Qd8 25. Be1 Bb4 26. Bc2 Be7 27. Qh4 Qb6 28. Bb3 Bd8 29. Bc2 1/2-1/2

[Event "Montevideo Duchamp Cup 1st"]
[Site "Montevideo"]
[Date "2017.02.15"]
[Round "9"]
[White "Vazquez, Facundo"]
[Black "Reolon, Victor"]
[Result "1/2-1/2"]
[WhiteElo "1614"]
[BlackElo "1643"]
[PlyCount "71"]
[EventDate "2017.02.09"]
[EventType "swiss"]
[EventRounds "9"]
[EventCountry "URU"]
[SourceTitle "CBM 176 Extra"]
[Source "ChessBase"]
[SourceDate "2017.03.02"]
[SourceVersion "1"]
[SourceVersionDate "2017.03.02"]
[SourceQuality "1"]

1. d4 Nf6 2. Nf3 d6 3. g3 g6 4. Bg2 Bg7 5. c4 Nbd7 6. Nc3 c6 7. 0-0 0-0 8. e4 c5 9. h3 Rb8 10. Be3 a6 11. a4 b6 12. Qc2 Bb7 13. Rfe1 Qc8 14. d5 Ne5 15. Nxe5 dxe5 16. a5 b5 17. cxb5 axb5 18. Nxb5 Bxd5 19. exd5 Rxb5 20. a6 e4 21. a7 Qb7 22. Qa4 Ra8 23. Qa6 Rxb2 24. Bxc5 Nxd5 25. Qxb7 Rxb7 26. Rad1 e6 27. Bxe4 Bc3 28. Bxd5 exd5 29. Rb1 Rbxa7 30. Rec1 Ra1 31. Rxa1 Rxa1 32. Rxa1 Bxa1 33. Kf1 f6 34. Ke2 Kf7 35. Kd3 Be5 36. Be3 1/2-1/2

[Event "Montevideo Duchamp Cup 1st"]
[Site "Montevideo"]
[Date "2017.02.14"]
[Round "8"]
[White "Reolon, Victor"]
[Black "Rueda Nessi, Juana"]
[Result "1/2-1/2"]
[WhiteElo "1643"]
[BlackElo "1598"]
[PlyCount "62"]
[EventDate "2017.02.09"]
[EventType "swiss"]
[EventRounds "9"]
[EventCountry "URU"]
[SourceTitle "CBM 176 Extra"]
[Source "ChessBase"]
[SourceDate "2017.03.02"]
[SourceVersion "1"]
[SourceVersionDate "2017.03.02"]
[SourceQuality "1"]

1. d4 e5 2. e4 exd4 3. Qxd4 Nc6 4. Qa4 Bc5 5. Nf3 Nf6 6. Bg5 h6 7. Bh4 Qe7 8. Bd3 d6 9. c3 Bd7 10. Qc2 a6 11. Nbd2 Bg4 12. h3 Bd7 13. Nb3 Ba7 14. 0-0-0 0-0 15. g4 Qe6 16. g5 hxg5 17. Bxg5 b5 18. Rdg1 Rfb8 19. Be3 Bxe3+ 20. fxe3 b4 21. Qg2 g6 22. Ng5 Qe7 23. h4 bxc3 24. bxc3 Bg4 25. Bc4 Ne5 26. Be2 Bxe2 27. Qxe2 d5 28. h5 Qa3+ 29. Kd1 dxe4 30. hxg6 Nxg6 31. Qc4 Qe7 1/2-1/2